<?xml version="1.0" encoding="UTF-8"?>
<record
    xmlns:xsi="http://www.w3.org/2001/XMLSchema-instance"
    xsi:schemaLocation="http://www.loc.gov/MARC21/slim http://www.loc.gov/standards/marcxml/schema/MARC21slim.xsd"
    xmlns="http://www.loc.gov/MARC21/slim">

  <leader>01965nam a22003017a 4500</leader>
  <controlfield tag="005">20191224042215.0</controlfield>
  <controlfield tag="008">020929s1998    ck ab   r     00010 spa d</controlfield>
  <datafield tag="040" ind1=" " ind2=" ">
    <subfield code="a">la </subfield>
    <subfield code="c">la</subfield>
    <subfield code="d">Co-BoIAvH</subfield>
  </datafield>
  <datafield tag="041" ind1="0" ind2=" ">
    <subfield code="a">spa</subfield>
  </datafield>
  <datafield tag="044" ind1=" " ind2=" ">
    <subfield code="a">ck</subfield>
  </datafield>
  <datafield tag="082" ind1="0" ind2="4">
    <subfield code="a">333.917 </subfield>
    <subfield code="b">H22p</subfield>
  </datafield>
  <datafield tag="100" ind1="1" ind2=" ">
    <subfield code="a">Van Der Hammen, Thomas, </subfield>
    <subfield code="d">1924-</subfield>
  </datafield>
  <datafield tag="245" ind1="1" ind2="0">
    <subfield code="a">Plan ambiental de la  Cuenca Alta del r&#xED;o Bogot&#xE1; : </subfield>
    <subfield code="b">an&#xE1;lisis y orientaciones para el ordenamiento territorial / </subfield>
  </datafield>
  <datafield tag="260" ind1=" " ind2=" ">
    <subfield code="a">Santaf&#xE9; Bogot&#xE1; : </subfield>
    <subfield code="b">CAR Cundinamarca, </subfield>
    <subfield code="c">1998.</subfield>
  </datafield>
  <datafield tag="300" ind1=" " ind2=" ">
    <subfield code="a">142 p. : </subfield>
    <subfield code="b">il., mapas ; </subfield>
    <subfield code="c">24 cm.</subfield>
  </datafield>
  <datafield tag="500" ind1=" " ind2=" ">
    <subfield code="a">Elaborado para la Corporaci&#xF3;n Aut&#xF3;ma Regional de Cundinamarca CAR por Thomas Van Der Hammer.</subfield>
  </datafield>
  <datafield tag="504" ind1=" " ind2=" ">
    <subfield code="a">Incluye bibliograf&#xED;a.</subfield>
  </datafield>
  <datafield tag="505" ind1=" " ind2=" ">
    <subfield code="a">Introduccion --
Esbozo de la historia del &#xE1;rea --
los ecositemas potenciales:  vegetaci&#xF3;n, clima y suelos --
La cobertura vegetal y su relaci&#xF3;n con la conservac&#xF3;n del agua, de los suelos y de la biodiversidad --
El agua subterr&#xE1;nea, el balance del agua y el medio ambiente --
Uso de la tierra, el paisaje y su relaci&#xF3;n con el medio ambiente --
Resevas naturales, reforestaci&#xF3;n y el retorno de la vida --
La estructura ecol&#xF3;gica principal y la planificaci&#xF3;n integral del uso de la tierra -- 
Consideraciones sobre la contaminac&#xF3;n del medio ambiente --
La estructura necesaria para la realizaci&#xF3;n del plan ambiental de la cuenca alta del R&#xED;o Bogot&#xE1; --</subfield>
  </datafield>
  <datafield tag="650" ind1=" " ind2="6">
    <subfield code="a">Ordenamiento territorial</subfield>
    <subfield code="z"> Cuenca alta del r&#xED;o Bogot&#xE1;.</subfield>
  </datafield>
  <datafield tag="650" ind1=" " ind2="6">
    <subfield code="a">Pol&#xED;tica ambiental</subfield>
    <subfield code="z"> Bogot&#xE1; (colombia)</subfield>
  </datafield>
  <datafield tag="651" ind1=" " ind2="6">
    <subfield code="a"> Cuenca alta del r&#xED;o Bogot&#xE1;.</subfield>
  </datafield>
  <datafield tag="651" ind1=" " ind2="6">
    <subfield code="a"> Cuenca alta del r&#xED;o Bogot&#xE1;.</subfield>
    <subfield code="x"> Poblaci&#xF3;n.</subfield>
  </datafield>
  <datafield tag="651" ind1=" " ind2="6">
    <subfield code="a"> Cuenca alta del r&#xED;o Bogot&#xE1;.</subfield>
    <subfield code="x"> Aspectos ambientales.</subfield>
  </datafield>
  <datafield tag="651" ind1=" " ind2=" ">
    <subfield code="a">R&#xED;o Bogot&#xE1; (Colombia)</subfield>
    <subfield code="x"> Aspectos ambientales.</subfield>
  </datafield>
  <datafield tag="651" ind1=" " ind2="6">
    <subfield code="a"> Cuenca alta del r&#xED;o Bogot&#xE1;.</subfield>
    <subfield code="x"> Condiciones sociales.</subfield>
  </datafield>
  <datafield tag="710" ind1="2" ind2=" ">
    <subfield code="a">Corporaci&#xF3;n Aut&#xF3;noma Regional de Cundinamarca.</subfield>
  </datafield>
  <datafield tag="942" ind1=" " ind2=" ">
    <subfield code="2">ddc</subfield>
    <subfield code="c">LIBRO</subfield>
    <subfield code="0">6</subfield>
  </datafield>
  <datafield tag="999" ind1=" " ind2=" ">
    <subfield code="c">17561</subfield>
    <subfield code="d">17561</subfield>
  </datafield>
  <datafield tag="952" ind1=" " ind2=" ">
    <subfield code="0">0</subfield>
    <subfield code="1">0</subfield>
    <subfield code="2">ddc</subfield>
    <subfield code="4">0</subfield>
    <subfield code="7">0</subfield>
    <subfield code="8">GENERAL</subfield>
    <subfield code="I">INV2017</subfield>
    <subfield code="a">Bogota</subfield>
    <subfield code="b">Bogota</subfield>
    <subfield code="d">2015-07-09</subfield>
    <subfield code="g">39000.00</subfield>
    <subfield code="l">6</subfield>
    <subfield code="o">LB-333.917  H22p</subfield>
    <subfield code="p">034594</subfield>
    <subfield code="r">2017-03-31 00:00:00</subfield>
    <subfield code="s">2017-03-31</subfield>
    <subfield code="t">Ej. 1</subfield>
    <subfield code="w">2015-07-09</subfield>
    <subfield code="x">Donacion</subfield>
    <subfield code="y">LIBRO</subfield>
  </datafield>
</record>
